MARC details
| 000 -LEADER |
| fixed length control field |
00750cam a2200205 4500 |
| 001 - CONTROL NUMBER |
| control field |
WB3544-01 |
| 008 - FIXED-LENGTH DATA ELEMENTS--GENERAL INFORMATION |
| fixed length control field |
000000n1999 000 0 eng u |
| 035 ## - SYSTEM CONTROL NUMBER |
| System control number |
(Sirsi) u101921 |
| 245 ## - TITLE STATEMENT |
| Title |
Net policy |
| 260 ## - PUBLICATION, DISTRIBUTION, ETC. |
| Date of publication, distribution, etc. |
1999 |
| 490 ## - SERIES STATEMENT |
| Series statement |
Financial Times |
| Volume/sequential designation |
12 November 1999, 30(1) |
| 520 ## - SUMMARY, ETC. |
| Summary, etc. |
International auction house, Christie's is intending to launch a new online bidding site for all its auction lots. The company is intending to incorporate its online operations into its mainline auction business - a U turn on previous policy which intended to keep them separate. |
| 590 ## - LOCAL NOTE (RLIN) |
| Local note |
WB |
| 650 ## - SUBJECT ADDED ENTRY--TOPICAL TERM |
| Topical term or geographic name entry element |
CHRISTIES |
| 650 ## - SUBJECT ADDED ENTRY--TOPICAL TERM |
| Topical term or geographic name entry element |
AUCTION HOUSES |
| 650 ## - SUBJECT ADDED ENTRY--TOPICAL TERM |
| Topical term or geographic name entry element |
INTERNET |
| 650 ## - SUBJECT ADDED ENTRY--TOPICAL TERM |
| Topical term or geographic name entry element |
ONLINE AUCTIONS |
| 690 ## - LOCAL SUBJECT ADDED ENTRY--TOPICAL TERM (OCLC, RLIN) |
| Topical term or geographic name as entry element |
Auctioneering |
| 9 (RLIN) |
6218 |
| 942 ## - ADDED ENTRY ELEMENTS (KOHA) |
| Suppress in OPAC |
0 |